00481nam a22001697a 450000500170000001000150001702000260003203500140005803700100007208200140008210000170009624500650011325000060017826000520018427000550023630000200029120260317143402.0 aENG-147885 a9789391238797c500.00 aEN-131417 bDBAD  a370.1521 aAlam, Junaid aAdjustment Among Castes A Psychosocial Pattern/cJunaid Alam a1 aNew Delhi bEducational Publishing House c2021 aD1/16, Ansari Road, Darya ganjbNew Delhi e110002 a231p.c21cm(pb)